000 00910nam a2200265 i 4500
001 bg
100 1 _aSUBIETA, Kazimierz
245 1 0 _aSłownik terminów z zakresu obiektowości /
_cKazimierz Subieta.
260 _aWarszawa :
_bAkademicka Oficyna Wydaw. PLJ,
_c1999.
300 _a290 s. :
_brys. ;
_c24 cm.
490 1 _aProblemy Współczesnej Nauki. Teoria i Zastosowania / ed. serii Leonard Bolc. Informatyka
504 _aBibliogr. s.233-234. - Indeks.
650 9 _aInformatyka
_xterminologia
650 9 _aSłownik angielsko-polski
650 9 _aSłownik polsko-angielski
655 _aSłowniki
830 0 _aProblemy Współczesnej Nauki. Teoria i Zastosowania (ed. serii Leonard Bolc).
_pInformatyka
020 _a8371014074
040 _cBPK
041 0 _apl
080 _a004(038)=111=162.1
920 _a83-7101-407-4
942 _cKS
008 s pl f |000 0 pol
999 _c35944
_d35944
856 _uhttp://koha.tu.koszalin.pl/cgi-bin/koha/opac-detail.pl?biblionumber=35944
_yKatalog online BPK